[Event "Norrkoeping Easter op"]
[Site "Norrkoeping"]
[Date "2024.04.01"]
[Round "8"]
[White "Olsson, William"]
[Black "Rogoz, Vladyslav"]
[Result "1-0"]
[WhiteElo "2373"]
[BlackElo "1968"]
[PlyCount "79"]
[EventDate "2024.03.29"]
[EventType "swiss"]
[EventRounds "8"]
[EventCountry "SWE"]
[SourceTitle "CB14_2024"]
[SourceDate "2024.04.01"]
[SourceVersion "1"]
[SourceVersionDate "2024.04.01"]
[SourceQuality "1"]

1. c4 e6 2. g3 d5 3. Nf3 Nf6 4. d4 c6 5. Bg2 g6 6. b3 Qa5+ 7. Bd2 Qb6 8. 0-0 Bg7 9. Qc1 h5 10. Nc3 Ne4 11. Bf4 Nd7 12. Nxe4 dxe4 13. Ng5 Qxd4 14. Rb1 Qc3 15. Qd1 0-0 16. Nxe4 Qd4 17. Qc1 Nf6 18. Rd1 Qb6 19. Nd6 Ng4 20. c5 Qa6 21. h3 e5 22. Bd2 Nf6 23. e4 Be6 24. a4 b5 25. Bf1 Rfb8 26. Ra1 Bxb3 27. axb5 Qxa1 28. Qxa1 Bxd1 29. Qxd1 cxb5 30. c6 Rd8 31. Ba5 Ne8 32. Bxd8 Rxd8 33. c7 Rxd6 34. c8Q Rxd1 35. Qxe8+ Kh7 36. Qxb5 Ra1 37. Kg2 a5 38. Bc4 f6 39. Bf7 a4 40. Qe8 1-0

[Event "Norrkoeping Easter op"]
[Site "Norrkoeping"]
[Date "2024.03.29"]
[Round "2"]
[White "Olsson, William"]
[Black "Karlsson, Ulf"]
[Result "1-0"]
[WhiteElo "2373"]
[BlackElo "1999"]
[PlyCount "71"]
[EventDate "2024.03.29"]
[EventType "swiss"]
[EventRounds "8"]
[EventCountry "SWE"]
[SourceTitle "CB14_2024"]
[SourceDate "2024.04.01"]
[SourceVersion "1"]
[SourceVersionDate "2024.04.01"]
[SourceQuality "1"]

1. c4 e5 2. g3 Nc6 3. Nc3 f5 4. Nf3 Nf6 5. d4 e4 6. Nh4 d6 7. Ng2 Be7 8. Nf4 0-0 9. h4 Qe8 10. e3 Nd8 11. Be2 Ne6 12. h5 Nxf4 13. gxf4 c6 14. d5 cxd5 15. cxd5 Bd7 16. b3 Kh8 17. Bb2 Ng8 18. h6 Bf6 19. hxg7+ Bxg7 20. Bh5 Qe7 21. Qd2 Nf6 22. 0-0-0 Rac8 23. Kb1 Nxh5 24. Rxh5 Be8 25. Rh2 Bg6 26. Rg1 Kg8 27. Rhg2 Rc7 28. Nb5 Rd7 29. Nd4 Rf7 30. Ne6 Bxb2 31. Qxb2 Qf6 32. Qc2 Rde7 33. Qc8+ Rf8 34. Rxg6+ hxg6 35. Rxg6+ Kf7 36. Rxf6+ 1-0

[Event "Titled Tuesday intern op 23rd Jan Late"]
[Site "Chess.com INT"]
[Date "2024.01.23"]
[Round "8"]
[White "Cubas, Jose Fernando"]
[Black "Olsson, William"]
[Result "1-0"]
[WhiteElo "2427"]
[BlackElo "2379"]
[PlyCount "87"]
[EventDate "2024.01.23"]
[EventType "swiss (blitz)"]
[EventRounds "11"]
[EventCountry "USA"]
[SourceTitle "CB05_2024"]
[SourceDate "2024.01.31"]
[SourceVersion "1"]
[SourceVersionDate "2024.01.31"]
[SourceQuality "1"]

1. e4 c5 2. Nc3 Nc6 3. f4 g6 4. Nf3 Bg7 5. Bb5 Nd4 6. 0-0 a6 7. Bd3 b5 8. Nxd4 cxd4 9. Ne2 Bb7 10. c3 dxc3 11. dxc3 Nf6 12. Ng3 h5 13. e5 Ng4 14. Be4 Qb6+ 15. Kh1 h4 16. Bxb7 hxg3 17. h3 Nf2+ 18. Rxf2 Qxf2 19. Qg1 Qxg1+ 20. Kxg1 Rb8 21. Be4 g5 22. Bf3 b4 23. c4 Rh4 24. Bg4 f6 25. exf6 Bxf6 26. fxg5 Bd4+ 27. Kf1 Rh8 28. Ke2 e5 29. Rb1 Ke7 30. b3 Rbf8 31. Be3 Bxe3 32. Kxe3 Rf2 33. Bf3 d6 34. Rc1 Rh4 35. c5 d5 36. Bxd5 Rd4 37. Bf3 Rfd2 38. c6 Ke6 39. Bg4+ Kd5 40. Bf3+ Ke6 41. Rc4 R4d3+ 42. Ke4 Rd4+ 43. Rxd4 Rxd4+ 44. Ke3 1-0

[Event "Titled Tuesday intern op 26th Sep Late"]
[Site "Chess.com INT"]
[Date "2023.09.26"]
[Round "1"]
[White "Olsson, William"]
[Black "Talibov, Shiroghlan"]
[Result "1/2-1/2"]
[WhiteElo "2376"]
[BlackElo "2362"]
[PlyCount "122"]
[EventDate "2023.09.26"]
[EventType "swiss (blitz)"]
[EventRounds "11"]
[EventCountry "USA"]
[SourceTitle "EXT 2024"]
[Source "ChessBase"]
[SourceDate "2023.10.10"]
[SourceVersion "1"]
[SourceVersionDate "2023.10.10"]
[SourceQuality "1"]

1. c4 g6 2. g3 Bg7 3. Bg2 d6 4. Nc3 Nc6 5. Nf3 e5 6. 0-0 Nge7 7. Rb1 a5 8. a3 0-0 9. b4 axb4 10. axb4 Be6 11. d3 h6 12. b5 Nd4 13. Nxd4 exd4 14. Nd5 Nxd5 15. cxd5 Bg4 16. h3 Bf5 17. Rb4 h5 18. Bb2 Qd7 19. Kh2 Rfe8 20. Bxd4 Bxd4 21. Rxd4 Qxb5 22. Rc4 Qb6 23. Qc2 Re7 24. Rc1 Qxf2 25. e4 Qxc2 26. R1xc2 Bc8 27. Rxc7 Rxc7 28. Rxc7 Rb8 29. Rc4 b5 30. Rb4 f6 31. d4 Bd7 32. Bf1 Kf7 33. Kg2 g5 34. h4 Ke7 35. hxg5 fxg5 36. Be2 h4 37. e5 Ra8 38. gxh4 Ra2 39. Kf3 gxh4 40. Bxb5 Bf5 41. Bf1 h3 42. Rb7+ Kd8 43. Rb8+ Ke7 44. Rh8 h2 45. Bg2 Rd2 46. Rxh2 Rxd4 47. exd6+ Kxd6 48. Ke3 Ke5 49. Rh5 Rd3+ 50. Ke2 Ra3 51. d6 Ke6 52. Rh6+ Kd7 53. Bf1 Bd3+ 54. Kf2 Ra2+ 55. Kg1 Ra1 56. Rf6 Bc4 57. Kg2 Ra2+ 58. Kg1 Ra1 59. Kg2 Rxf1 60. Rxf1 Bxf1+ 61. Kxf1 Kxd6 1/2-1/2

[Event "Titled Tuesday intern op 26th Sep Late"]
[Site "Chess.com INT"]
[Date "2023.09.26"]
[Round "6"]
[White "Renjith, Sravan"]
[Black "Olsson, William"]
[Result "1-0"]
[WhiteElo "2131"]
[BlackElo "2376"]
[PlyCount "71"]
[EventDate "2023.09.26"]
[EventType "swiss (blitz)"]
[EventRounds "11"]
[EventCountry "USA"]
[SourceTitle "EXT 2024"]
[Source "ChessBase"]
[SourceDate "2023.10.10"]
[SourceVersion "1"]
[SourceVersionDate "2023.10.10"]
[SourceQuality "1"]

1. Nf3 c5 2. c3 d5 3. d4 Nf6 4. Bf4 Nc6 5. Nbd2 Bf5 6. e3 e6 7. Bb5 Qb6 8. Qa4 Nd7 9. 0-0 Be7 10. c4 cxd4 11. exd4 0-0 12. c5 Qd8 13. Bxc6 bxc6 14. Qxc6 Bf6 15. Qa4 Nb8 16. c6 Qc8 17. Rac1 a6 18. Ne5 Qe8 19. Rfe1 Bxe5 20. Bxe5 Bd3 21. Qb3 Bb5 22. c7 Nc6 23. a4 Nxe5 24. axb5 Nc4 25. b6 Nxd2 26. Qb4 a5 27. Qxd2 Qb5 28. Rc5 Qxb6 29. Rec1 Rfc8 30. Qc2 g6 31. Qc3 Kg7 32. h4 Ra7 33. h5 h6 34. hxg6 fxg6 35. Qe3 Rcxc7 36. Qe5+ 1-0

[Event "Titled Tuesday intern op 19th Sep Early"]
[Site "Chess.com INT"]
[Date "2023.09.19"]
[Round "4"]
[White "Guzman Lozano, Campo Elias"]
[Black "Olsson, William"]
[Result "0-1"]
[WhiteElo "1837"]
[BlackElo "2376"]
[PlyCount "108"]
[EventDate "2023.09.19"]
[EventType "swiss (blitz)"]
[EventRounds "11"]
[EventCountry "USA"]
[SourceTitle "EXT 2024"]
[Source "ChessBase"]
[SourceDate "2023.10.10"]
[SourceVersion "1"]
[SourceVersionDate "2023.10.10"]
[SourceQuality "1"]

1. c4 c5 2. Nc3 Nc6 3. g3 g6 4. Bg2 Bg7 5. e3 e6 6. Nge2 Nge7 7. d4 cxd4 8. Nxd4 Nxd4 9. exd4 d5 10. c5 Nc6 11. Be3 0-0 12. 0-0 b6 13. Na4 bxc5 14. Nxc5 Rb8 15. Rb1 Qb6 16. a3 a5 17. Qa4 Rd8 18. Rfc1 Ne7 19. b4 Nf5 20. Qd1 axb4 21. Rxb4 Qa7 22. Rxb8 Qxb8 23. Bh3 Nxe3 24. fxe3 Bd7 25. Nxd7 Rxd7 26. Bf1 Ra7 27. Rc3 Bf8 28. Qc1 Qd6 29. Rc8 Rxa3 30. Qc5 Qxc5 31. dxc5 Rxe3 32. c6 Rc3 33. Bb5 Kg7 34. Kf1 Rc5 35. Rb8 e5 36. Rb7 Bd6 37. Ba4 Kf6 38. h4 h5 39. Ke2 e4 40. Kf2 Rc3 41. Rd7 Bxg3+ 42. Ke2 Ke6 43. c7 Rxc7 44. Rd8 Ke5 45. Re8+ Kd4 46. Rd8 f5 47. Bb3 Rc5 48. Rg8 f4 49. Rxg6 f3+ 50. Kd1 Bf4 51. Rg1 f2 52. Rf1 Ke3 53. Bc2 d4 54. Bb1 Kf3 0-1

[Event "Titled Tuesday intern op 12th Sep Late"]
[Site "Chess.com INT"]
[Date "2023.09.12"]
[Round "1"]
[White "Olsson, William"]
[Black "Rasulov, Vugar Ural Oglu"]
[Result "0-1"]
[WhiteElo "2376"]
[BlackElo "2538"]
[PlyCount "84"]
[EventDate "2023.09.12"]
[EventType "swiss (blitz)"]
[EventRounds "11"]
[EventCountry "USA"]
[SourceTitle "EXT 2024"]
[Source "ChessBase"]
[SourceDate "2023.10.10"]
[SourceVersion "1"]
[SourceVersionDate "2023.10.10"]
[SourceQuality "1"]

1. c4 Nf6 2. g3 e6 3. Bg2 d5 4. d4 Bb4+ 5. Bd2 a5 6. Nf3 0-0 7. 0-0 dxc4 8. Qc2 Bxd2 9. Nbxd2 b5 10. a4 c6 11. Rfd1 Bb7 12. b3 cxb3 13. Qxb3 b4 14. Ne5 Nbd7 15. Nd3 Rc8 16. Rac1 Ba8 17. Nc4 Nd5 18. Nd6 Rc7 19. Ne4 Qe7 20. Rd2 Rd8 21. e3 h6 22. Nec5 Nxc5 23. Rxc5 Ra7 24. Rdc2 Nc3 25. h4 Bb7 26. Ne5 Raa8 27. Bxc6 Rdc8 28. Qc4 Ba6 29. Bb5 Rxc5 30. dxc5 Bc8 31. c6 Qd6 32. Qd4 Qxd4 33. exd4 Nxb5 34. axb5 b3 35. Rb2 a4 36. b6 Rb8 37. b7 Bxb7 38. Nd7 Bxc6 39. Nxb8 Bd5 40. Na6 a3 41. Rb1 a2 42. Ra1 b2 0-1